Hysteria from Freud to Lacan : the splendid child of psychoanalysis
Saved in:
| Main Author: | |
|---|---|
| Other Authors: | |
| Format: | Book |
| Language: | English French |
| Published: |
New York :
The Other Press,
c1998.
|
| Series: | Lacanian clinical field
|
| Subjects: | |
| Tags: |
Add Tag
No Tags, Be the first to tag this record!
|
MARC
| LEADER | 00000cam a2200000 i 4500 | ||
|---|---|---|---|
| 001 | 1/83697 | ||
| 008 | 050822s1998 nyu| ||| |||| ||eng|| | ||
| 020 | |a 1892746026 | ||
| 035 | |l 10079840 | ||
| 040 | |a GR-MyUA |b gre |e AACR2 | ||
| 041 | 1 | |a eng |h fre | |
| 082 | 0 | |a 616.8524 |2 (22) | |
| 100 | 1 | |a Nasio, Juan-David. | |
| 245 | 1 | 0 | |a Hysteria from Freud to Lacan : |b the splendid child of psychoanalysis / |c Juan-David Nasio ; translated and edited by Susan Fairfield. |
| 260 | |a New York : |b The Other Press, |c c1998. | ||
| 300 | |a xxii, 151 σ. : |b εικ. ; |c 21 εκ. | ||
| 490 | 1 | |a (The Lacanian clinical field) | |
| 500 | |a Προηγούμενη έκδοση ως Hysteria. Northvale, N.J. : J. Aronson, c1997 | ||
| 500 | |a Τίτλος πρωτοτύπου: Hysterie. | ||
| 504 | |a Περιέχει βιβλιογραφία (σ. [141]-143) και εκθετήριο. | ||
| 650 | 0 | 0 | |a Hysteria. |
| 650 | 0 | 0 | |a Psychoanalysis. |
| 700 | 1 | |a Fairfield, Susan, |e trlf |e edtf | |
| 830 | 0 | |a Lacanian clinical field | |
| 852 | |a INST |b LESVOS |e 20050822 |h 616.8524 NAS |p 005100031783 |q 005100031783 |t BK |y 0 | ||
| 901 | |a BIBL1-2005-2 | ||
| 909 | |a Λ |b 123877 | ||
| 920 | |a ΕΠΕΑΕΚ ΠΜΣ ΓΥΝΑΙΚΕΣ KAI ΦΥΛΑ |y Λέσβος |z 2005-07 | ||
| 970 | |a ΚΑΡΑ |b ΓΙΑΣΕΜΗ |z 2005/08/22 | ||